Online
Catalog

El Ballet Nacional Dominicano : (Record no. 45258)

MARC details
000 -CABECERA
campo de control de longitud fija 01799nam a2200325 i 4500
001 - NÚMERO DE CONTROL
campo de control 000045769
003 - IDENTIFICADOR DEL NÚMERO DE CONTROL
campo de control DO-SdBNP
005 - FECHA Y HORA DE LA ÚLTIMA TRANSACCIÓN
campo de control 20250808100433.0
007 - CAMPO FIJO DE DESCRIPCIÓN FÍSICA--INFORMACIÓN GENERAL
campo de control de longitud fija ta
008 - DATOS DE LONGITUD FIJA--INFORMACIÓN GENERAL
campo de control de longitud fija 150511s2015 dr ac 000 0 spa d
020 ## - NÚMERO INTERNACIONAL ESTÁNDAR DEL LIBRO
Número Internacional Estándar del Libro 9789993467908
040 ## - FUENTE DE LA CATALOGACIÓN
Centro catalogador/agencia de origen DO-SdBNP
Lengua de catalogación spa
Centro/agencia transcriptor BNPHU
Normas de descripción rda
041 ## - CÓDIGO DE LENGUA
Código de lengua del texto/banda sonora o título independiente spa
082 #4 - NÚMERO DE LA CLASIFICACIÓN DECIMAL DEWEY
Número de clasificación 792.8097293
Número de documento/Ítem B191n
Número de edición 22
245 03 - MENCIÓN DE TÍTULO
Título El Ballet Nacional Dominicano :
Resto del título origen y trayectoria /
Mención de responsabilidad, etc. editora, Monika Despradel ; introducción, Patricia Ascuasiati ; presentación, Johanna Wiese de Mera ; miebros, Irmgard Despradel, y Eduardo Villanueva.
264 #4 - PRODUCCIÓN, PUBLICACIÓN, DISTRIBUCIÓN, FABRICACIÓN Y COPYRIGHT
Producción, publicación, distribución, fabricación y copyright Santo Domingo, República Dominicana :
Nombre del de productor, editor, distribuidor, fabricante Patronato Dominicano por la Danza,
-- Editora Amigo del Hogar, Santo,
Fecha de producción, publicación, distribución, fabricación o copyright 2015.
300 ## - DESCRIPCIÓN FÍSICA
Extensión 247 páginas :
Otras características físicas ilustraciones, fotografías ;
Dimensiones 31 cm.
336 ## - TIPO DE CONTENIDO
Término de tipo de contenido texto
Código de tipo de contenido txt
Fuente rdacontent
337 ## - TIPO DE MEDIO
Nombre/término del tipo de medio sin mediación
Código del tipo de medio n
Fuente rdamedia
338 ## - TIPO DE SOPORTE
Nombre/término del tipo de soporte volumen
Código del tipo de soporte nc
Número de control del registro de autoridad o número normalizado rdacarrier
505 0# - NOTA DE CONTENIDO CON FORMATO
Nota de contenido con formato Liminar, José Antonio Rodríguez, 13 -- Presentación, 15 -- Introducción, 21 -- Creación del Ballet Clásico Nacional, 25 -- Ballet Nacional Dominicano, 48-51 -- Bailarines destacados del Ballet Nacional Dominicano a través del tiempo, 54-99 -- Directores del Ballet Nacional Dominicano, 102-103 -- Coreógrafos del Ballet Nacional Dominicano, 159 -- Grandes producciones del Ballet Nacional Dominicano, 168-219 -- Apéndice. Cronologías: Repertorio 1981-2014, 223-227 -- Juicios críticos, 1981-2013.<br/><br/>
590 ## - NOTA LOCAL (RLIN)
Nota local Inventariado, 2023 / DG
650 #4 - PUNTO DE ACCESO ADICIONAL DE MATERIA--TÉRMINO DE MATERIA
Término de materia o nombre geográfico como elemento de entrada Ballet
9 (RLIN) 43068
Subdivisión geográfica República Dominicana
650 #4 - PUNTO DE ACCESO ADICIONAL DE MATERIA--TÉRMINO DE MATERIA
Término de materia o nombre geográfico como elemento de entrada Danza
9 (RLIN) 28339
Subdivisión geográfica República Dominicana
700 12 - PUNTO DE ACCESO ADICIONAL--NOMBRE DE PERSONA
Nombre de persona Despradel, Monika,
Término indicativo de función/relación editor
Código de función/relación ed.
9 (RLIN) 73846
700 12 - PUNTO DE ACCESO ADICIONAL--NOMBRE DE PERSONA
Nombre de persona Wiese de Mera, Johanna,
Término indicativo de función/relación presentador
Código de función/relación prest.
9 (RLIN) 73847
700 12 - PUNTO DE ACCESO ADICIONAL--NOMBRE DE PERSONA
Nombre de persona Ascuasiati, Patricia,
Término indicativo de función/relación autor de introducción
9 (RLIN) 73848
Código de función/relación introd.
910 ## - DATOS DE OPCIÓN DEL USUARIO (OCLC)
Datos de opción del usuario DG
942 ## - ELEMENTOS DE PUNTO DE ACCESO ADICIONAL (KOHA)
Fuente del sistema de clasificación o colocación Dewey Decimal Classification
Tipo de ítem Koha Libro
Holdings
Estado de retiro Estado de pérdida Fuente del sistema de clasificación o colocación Restricciones de uso No para préstamo Código de colección Localización permanente Ubicación/localización actual Ubicación en estantería Fecha de adquisición Fuente de adquisición Total de préstamos Signatura topográfica completa Código de barras Fecha visto por última vez Número de copia Precio válido a partir de Tipo de ítem Koha
    Dewey Decimal Classification Préstamo en sala   Dominicana de Servicio Biblioteca Nacional Pedro Henríquez Ureña Biblioteca Nacional Pedro Henríquez Ureña Depósito 06.05.2015 Depósito Legal   BNPHU DS 792.8097293 B212n 45769-30 25.06.2020 e. 3 25.06.2020 Libro
    Dewey Decimal Classification Excluido de préstamo   Patrimonio Dominicano Biblioteca Nacional Pedro Henríquez Ureña Biblioteca Nacional Pedro Henríquez Ureña Depósito 06.05.2015 Depósito Legal   BNPHU PD 792.8097293 B212n 45769-10 25.06.2020   25.06.2020 Libro
    Dewey Decimal Classification Excluido de préstamo   Patrimonio Dominicano Biblioteca Nacional Pedro Henríquez Ureña Biblioteca Nacional Pedro Henríquez Ureña Depósito 11.05.2015     BNPHU PD 792.8097293 B212n 45769-20 25.06.2020 e. 2 25.06.2020 Libro
    Dewey Decimal Classification Préstamo en sala   Dominicana de Servicio Biblioteca Nacional Pedro Henríquez Ureña Biblioteca Nacional Pedro Henríquez Ureña Depósito 06.02.2023 Donación   BNPHU DS 792.8097293 B212n 2023-0695 06.02.2023 e. 4 06.02.2023 Libro

Powered by Koha